El daño extrapatrimonial a la persona : tendencias del nuevo derecho de daños /
Zapisane w:
| 1. autor: | |
|---|---|
| Format: | Elektroniczne E-book |
| Język: | hiszpański |
| Wydane: |
Santiago, Chile :
Ediciones Olejnik,
[2020]
|
| Seria: | Biblioteca de derecho comparado y sistemas jurídicos.
|
| Hasła przedmiotowe: | |
| Dostęp online: | Digitalia Hispánica |
| Etykiety: |
Dodaj etykietę
Nie ma etykietki, Dołącz pierwszą etykiete!
|
MARC
| LEADER | 00000nam a2200000Ii 4500 | ||
|---|---|---|---|
| 001 | DIGOLEJNK0226 | ||
| 003 | NyNyDIG | ||
| 006 | m o d | ||
| 007 | cr ||||||||||| | ||
| 008 | 220523s2020 cl o 000 0 spa d | ||
| 035 | |a (OCoLC)1335130350 | ||
| 040 | |a DGITA |b eng |e rda |e pn |c DGITA | ||
| 020 | |z 9789563923971 | ||
| 050 | 1 | 4 | |a K925 ebook |
| 100 | 1 | |a Koteich Khatib, Milagros, |e author. | |
| 245 | 1 | 3 | |a El daño extrapatrimonial a la persona : |b tendencias del nuevo derecho de daños / |c Milagros Koteich Khatib. |
| 264 | 1 | |a Santiago, Chile : |b Ediciones Olejnik, |c [2020] | |
| 300 | |a 1 online resource. | ||
| 336 | |a text |b txt |2 rdacontent | ||
| 337 | |a computer |b c |2 rdamedia | ||
| 338 | |a online resource |b cr |2 rdacarrier | ||
| 347 | |a text file |2 rdaft | ||
| 347 | |b PDF | ||
| 490 | 1 | |a Biblioteca de derecho comparado y sistemas jurídicos | |
| 588 | 0 | |a Online resource; title from PDF title page (Digitalia, viewed May 23, 2022) | |
| 650 | 0 | |a Moral damages (Civil law) | |
| 650 | 0 | |a Personal injuries. | |
| 650 | 0 | |a Damages. | |
| 650 | 0 | |a Torts. | |
| 655 | 0 | |a Electronic books. | |
| 791 | 2 | |a Digitalia (Firm), |e distributor. | |
| 793 | 0 | |g Digitalia eBook Collection: |a Ediciones Olejnik | |
| 776 | 0 | 8 | |i Print version: |a Koteich Khatib, Milagros. |t Daño extrapatrimonial a la persona. |d Santiago, Chile : Ediciones Olejnik, 2020 |z 9789563923971 |
| 830 | 0 | |a Biblioteca de derecho comparado y sistemas jurídicos. | |
| 856 | 4 | 0 | |3 Digitalia Hispánica |u https://digitalia.unach.elogim.com/a/104527/ |
| 910 | |a Premium collection: 2022 | ||